[Event "Xtracon GM"]
[Site "Borup"]
[Date "2010.09.09"]
[Round "5"]
[White "Larsen, Jesper Riis"]
[Black "Larsen, Bo Heine"]
[Result "1/2-1/2"]
[WhiteElo "2004"]
[BlackElo "1804"]
[PlyCount "71"]
[EventDate "2010.09.03"]
[EventType "swiss"]
[EventRounds "9"]
[EventCountry "DEN"]
[Source "ChessBase"]
[SourceDate "2010.10.29"]

1. d4 Nf6 2. Nf3 d6 3. c4 c6 4. Nc3 Bf5 5. g3 h6 6. Bg2 g5 7. O-O Bg7 8. Ne1
Qc8 9. e4 Bh3 10. e5 dxe5 11. dxe5 Nh7 12. Qe2 Bxg2 13. Nxg2 Qc7 14. Re1 Na6
15. e6 O-O 16. Bd2 Nc5 17. exf7+ Rxf7 18. b4 Nd7 19. Rad1 e5 20. Ne4 Raf8 21.
Be3 b6 22. Rd2 Ndf6 23. Nd6 Rd7 24. Red1 Rfd8 25. c5 Nf8 26. cxb6 axb6 27. Nc4
Nd5 28. Qg4 b5 29. Nb2 Re8 30. Bc5 Ne6 31. Ne3 Qd8 32. a4 Nxc5 33. bxc5 e4 34.
Nxd5 Rxd5 35. Rxd5 cxd5 36. Qe2 1/2-1/2

[Event "Xtracon GM"]
[Site "Borup"]
[Date "2010.09.09"]
[Round "5"]
[White "Nielsen, Morten"]
[Black "Mollmann, Erik"]
[Result "1-0"]
[WhiteElo "1935"]
[BlackElo "1694"]
[PlyCount "31"]
[EventDate "2010.09.03"]
[EventType "swiss"]
[EventRounds "9"]
[EventCountry "DEN"]
[Source "ChessBase"]
[SourceDate "2010.10.29"]

1. e4 Nc6 2. Nc3 e6 3. d4 d5 4. e5 Nge7 5. Nf3 a6 6. h4 Nf5 7. g4 Nh6 8. Bxh6
gxh6 9. Qd2 f6 10. exf6 Qxf6 11. Qe3 Bd7 12. Nxd5 Qd8 13. O-O-O Ne7 14. Nf6+
Kf7 15. Nxd7 Qxd7 16. Ne5+ 1-0

[Event "Xtracon GM"]
[Site "Borup"]
[Date "2010.09.09"]
[Round "5"]
[White "Pedersen, Hans Dahl"]
[Black "Hubka, Roland"]
[Result "1-0"]
[WhiteElo "2206"]
[BlackElo "2048"]
[PlyCount "67"]
[EventDate "2010.09.03"]
[EventType "swiss"]
[EventRounds "9"]
[EventCountry "DEN"]
[Source "ChessBase"]
[SourceDate "2010.10.29"]

1. c4 Nf6 2. g3 e6 3. Bg2 d5 4. Nf3 dxc4 5. Qc2 Nbd7 6. Qxc4 Nb6 7. Qc2 Bd6 8.
d4 Bd7 9. O-O Ba4 10. Qd3 Bc6 11. Nc3 Nbd5 12. Bg5 h6 13. Bxf6 Qxf6 14. e4 Qg6
15. Rfe1 Nxc3 16. bxc3 O-O 17. c4 Rad8 18. Qb3 e5 19. c5 exd4 20. cxd6 Rxd6 21.
Ne5 Qh5 22. Nxc6 bxc6 23. e5 Re6 24. Qc4 Rd8 25. f4 Qg6 26. Rad1 h5 27. Rxd4
Rf8 28. Qd3 f5 29. Rd8 Ree8 30. Qc4+ Kh7 31. Rxe8 Rxe8 32. Bxc6 Re6 33. Bd7 Rb6
34. Qd3 1-0

[Event "Xtracon GM"]
[Site "Borup"]
[Date "2010.09.09"]
[Round "5"]
[White "Pedersen, Sven"]
[Black "Krogh, Peter Ove"]
[Result "1-0"]
[WhiteElo "2106"]
[BlackElo "1922"]
[PlyCount "135"]
[EventDate "2010.09.03"]
[EventType "swiss"]
[EventRounds "9"]
[EventCountry "DEN"]
[Source "ChessBase"]
[SourceDate "2010.10.29"]

1. e4 c5 2. Nf3 a6 3. c4 Nc6 4. d4 cxd4 5. Nxd4 e5 6. Nc2 Nf6 7. Nc3 Bc5 8. Be2
O-O 9. O-O d6 10. Bg5 h6 11. Bh4 g5 12. Bg3 Nd4 13. Ne3 Be6 14. h4 Qd7 15. Ned5
Nxe2+ 16. Qxe2 Nxd5 17. Nxd5 Bxd5 18. cxd5 Kg7 19. Rac1 Bd4 20. Rc2 Rac8 21.
Rfc1 f6 22. b3 Rxc2 23. Rxc2 Rc8 24. Kf1 Rxc2 25. Qxc2 Qb5+ 26. Kg1 Qc5 27.
Qxc5 Bxc5 28. Kf1 Kg6 29. f3 b5 30. Be1 Kf7 31. h5 Ke7 32. Ba5 Kd7 33. g3 Ba7
34. Kg2 Be3 35. Kh3 Ke7 36. Kg4 Bf2 37. Bb4 Kd7 38. Kh3 Ke7 39. Kg4 Be3 40. Kh3
Bf2 41. Bd2 Bc5 42. Be1 Kf7 43. Kg4 Bb6 44. Kf5 Bd8 45. Bf2 Ba5 46. Ba7 Bb4 47.
Bb6 Be1 48. Bc7 Bb4 49. Bd8 Be1 50. Bc7 Bb4 51. a4 bxa4 52. bxa4 Bc5 53. Bd8
Bb4 54. Kg4 Bc5 55. Kh3 Bd4 56. Bc7 Bc5 57. Kg4 Ba3 58. Kf5 Bc5 59. Ba5 Ba3 60.
Bd8 Bc5 61. Bxf6 Bb6 62. Bxg5 hxg5 63. Kxg5 Be3+ 64. f4 Kg7 65. Kf5 exf4 66.
gxf4 Kh6 67. e5 Kxh5 68. e6 1-0

[Event "Xtracon GM"]
[Site "Borup"]
[Date "2010.09.09"]
[Round "5"]
[White "Petersen, Nils"]
[Black "Smith, Axel"]
[Result "0-1"]
[WhiteElo "2067"]
[BlackElo "2445"]
[PlyCount "76"]
[EventDate "2010.09.03"]
[EventType "swiss"]
[EventRounds "9"]
[EventCountry "DEN"]
[Source "ChessBase"]
[SourceDate "2010.10.29"]

1. c4 e5 2. g3 Nf6 3. Bg2 c6 4. d4 exd4 5. Qxd4 Na6 6. a3 Nc5 7. Qd1 a5 8. Nf3
d5 9. cxd5 Qxd5 10. Qxd5 Nxd5 11. Nbd2 g6 12. O-O Bg7 13. e4 Nb6 14. Ne1 Be6
15. f4 Bd4+ 16. Kh1 Nc4 17. Nef3 Nxd2 18. Nxd2 O-O-O 19. f5 gxf5 20. exf5 Bd5
21. Bxd5 Rxd5 22. Rb1 Re8 23. Nc4 Nd3 24. Bd2 a4 25. Bc3 Re2 26. g4 b5 27. Na5
Bxc3 28. bxc3 Ne5 29. Rbe1 Rdd2 30. Rxe2 Rxe2 31. Rf4 Kc7 32. c4 Kb6 33. Nxc6
Kxc6 34. cxb5+ Kxb5 35. Kg1 Re3 36. Kf2 Rxa3 37. Re4 Nc6 38. g5 Rb3 0-1

[Event "Xtracon GM"]
[Site "Borup"]
[Date "2010.09.09"]
[Round "5"]
[White "Rostgaard, Tobias Valentin"]
[Black "Doluhanova, Evgeniya"]
[Result "1/2-1/2"]
[WhiteElo "2114"]
[BlackElo "2259"]
[PlyCount "68"]
[EventDate "2010.09.03"]
[EventType "swiss"]
[EventRounds "9"]
[EventCountry "DEN"]
[Source "ChessBase"]
[SourceDate "2010.10.29"]

1. d4 d5 2. c4 e6 3. g3 dxc4 4. Nf3 b5 5. a4 c6 6. Bg2 Bb7 7. Ne5 f6 8. Nf3 Nd7
9. O-O Nb6 10. a5 Na4 11. b3 cxb3 12. Qxb3 Qd7 13. Bh3 Bc8 14. e4 Bd6 15. Nc3
Nxc3 16. Qxc3 Ne7 17. Ba3 Bxa3 18. Qxa3 O-O 19. Rfd1 Rb8 20. Qb4 Qd8 21. Qc5 a6
22. Qa7 Bd7 23. Qxa6 Nc8 24. d5 exd5 25. Bxd7 Qxd7 26. Nd4 Ne7 27. Rac1 Ra8 28.
Qb6 Rfb8 29. Qc5 Rc8 30. exd5 cxd5 31. Qxb5 Qxb5 32. Rxc8+ Nxc8 33. Nxb5 Rxa5
34. Rxd5 Ne7 1/2-1/2

[Event "Xtracon GM"]
[Site "Borup"]
[Date "2010.09.09"]
[Round "5"]
[White "Schmidt, Horst Hubert"]
[Black "Larsen, Thomas Gjerken"]
[Result "0-1"]
[WhiteElo "1869"]
[BlackElo "2076"]
[PlyCount "80"]
[EventDate "2010.09.03"]
[EventType "swiss"]
[EventRounds "9"]
[EventCountry "DEN"]
[Source "ChessBase"]
[SourceDate "2010.10.29"]

1. d4 e6 2. c4 f5 3. Nc3 Nf6 4. Bg5 Be7 5. Nf3 O-O 6. e3 d6 7. Be2 Nc6 8. O-O
a6 9. a3 h6 10. Bxf6 Bxf6 11. Rc1 b6 12. b4 Bb7 13. c5 dxc5 14. bxc5 Ne7 15.
Qb3 Nd5 16. cxb6 cxb6 17. Rfd1 Qd6 18. Ne1 Rfc8 19. Bf3 Nxc3 20. Rxc3 Rxc3 21.
Qxc3 Rc8 22. Qb3 Bxf3 23. Nxf3 b5 24. g3 Qd5 25. Qxd5 exd5 26. Nd2 Be7 27. Ra1
Rc3 28. a4 b4 29. Kf1 Ra3 30. Rxa3 bxa3 31. Ke2 a2 32. Nb3 Ba3 33. Kd3 Bb2 34.
Kc2 a1=Q 35. Nxa1 Bxa1 36. Kb3 Kf7 37. f3 g5 38. h3 f4 39. gxf4 gxf4 40. e4
dxe4 0-1

[Event "Xtracon GM"]
[Site "Borup"]
[Date "2010.09.09"]
[Round "5"]
[White "Skytte, Rasmus"]
[Black "Wiecker, Stefan"]
[Result "1/2-1/2"]
[WhiteElo "2400"]
[BlackElo "2157"]
[PlyCount "43"]
[EventDate "2010.09.03"]
[EventType "swiss"]
[EventRounds "9"]
[EventCountry "DEN"]
[Source "ChessBase"]
[SourceDate "2010.10.29"]

1. d4 Nf6 2. Nf3 g6 3. Nc3 d5 4. Bf4 Bg7 5. e3 O-O 6. Be2 c5 7. Ne5 Nbd7 8. O-O
a6 9. Nxd7 Bxd7 10. dxc5 Bc6 11. Be5 Qd7 12. Qd4 Rfd8 13. Rad1 Qf5 14. Bd3 Qh5
15. h3 Ne8 16. Bxg7 Nxg7 17. Be2 e5 18. Qb4 a5 19. Qb6 Qg5 20. f4 Qe7 21. Rde1
exf4 22. exf4 1/2-1/2

[Event "Xtracon GM"]
[Site "Borup"]
[Date "2010.09.09"]
[Round "5"]
[White "Sylvan, Jacob"]
[Black "Akdag, Dara Sevkan"]
[Result "1-0"]
[WhiteElo "2238"]
[BlackElo "2171"]
[PlyCount "61"]
[EventDate "2010.09.03"]
[EventType "swiss"]
[EventRounds "9"]
[EventCountry "DEN"]
[Source "ChessBase"]
[SourceDate "2010.10.29"]

1. d4 Nf6 2. c4 c5 3. d5 e6 4. Nc3 exd5 5. cxd5 g6 6. g3 d6 7. Bg2 Bg7 8. Nf3
O-O 9. O-O Nbd7 10. a4 a6 11. h3 Re8 12. Nd2 Rb8 13. Nc4 Nb6 14. Na3 Nfd7 15.
a5 Na8 16. Ne4 Nf6 17. Nxd6 Qxd6 18. Bf4 Qd8 19. Bxb8 Bd7 20. Bf4 Nh5 21. Bc1
Qxa5 22. e4 b5 23. Re1 Be5 24. Nc2 Qb6 25. f4 Bh8 26. g4 Ng7 27. Be3 b4 28. Qe2
Bb5 29. Qf2 Rc8 30. Nxb4 a5 31. Na2 1-0

[Event "Xtracon GM"]
[Site "Borup"]
[Date "2010.09.09"]
[Round "5"]
[White "Teplyi, Igor"]
[Black "Hvenekilde, Jorgen"]
[Result "1/2-1/2"]
[WhiteElo "2408"]
[BlackElo "2107"]
[PlyCount "67"]
[EventDate "2010.09.03"]
[EventType "swiss"]
[EventRounds "9"]
[EventCountry "DEN"]
[Source "ChessBase"]
[SourceDate "2010.10.29"]

1. d4 g6 2. e4 Bg7 3. Nc3 d6 4. Be3 Nd7 5. h3 e6 6. Qd2 h6 7. f4 Ne7 8. Bd3 b6
9. Nf3 Bb7 10. O-O a6 11. a4 c5 12. Qf2 Qc7 13. Rad1 O-O-O 14. Qe2 Nb8 15. dxc5
bxc5 16. Qf2 Nd7 17. Rfe1 Nc6 18. Na2 Rhe8 19. c3 f5 20. exf5 gxf5 21. b4 Ne7
22. Qe2 a5 23. bxa5 Qxa5 24. Rb1 Nb8 25. Bb5 Nec6 26. Nd2 Re7 27. Rb3 Rg8 28.
Kh2 Bf8 29. Rg1 Qc7 30. Qf2 Reg7 31. Bf1 Ne7 32. Nc4 Nd5 33. a5 Nd7 34. Nb6+
1/2-1/2

[Event "Xtracon GM"]
[Site "Borup"]
[Date "2010.09.09"]
[Round "5"]
[White "Vovk, Oksana"]
[Black "Semcesen, Daniel"]
[Result "0-1"]
[WhiteElo "2157"]
[BlackElo "2416"]
[PlyCount "76"]
[EventDate "2010.09.03"]
[EventType "swiss"]
[EventRounds "9"]
[EventCountry "DEN"]
[Source "ChessBase"]
[SourceDate "2010.10.29"]

1. Nf3 d5 2. d4 Nf6 3. c4 dxc4 4. e3 Bg4 5. Bxc4 e6 6. h3 Bh5 7. O-O a6 8. b3
Nc6 9. Bb2 Bd6 10. Be2 O-O 11. Nbd2 Qe8 12. Nc4 Rd8 13. a3 Nd5 14. Rc1 f5 15.
Nfd2 Bxe2 16. Qxe2 b5 17. Nxd6 cxd6 18. Kh2 Nce7 19. Bc3 Rc8 20. Nb1 f4 21.
exf4 Nxf4 22. Qg4 h5 23. Qd1 Qg6 24. g3 Nfd5 25. Qe2 h4 26. Bd2 Rxc1 27. Rxc1
Nf5 28. Qd3 Qf6 29. Nc3 Nxg3 30. Nd1 Nf5 31. Be3 Nfxe3 32. fxe3 Qg5 33. Qe2
Qg3+ 34. Kh1 Qxh3+ 35. Kg1 Rf3 36. Rc8+ Kf7 37. Qd3 Rg3+ 38. Kf2 Qh2+ 0-1

[Event "Xtracon GM"]
[Site "Borup"]
[Date "2010.09.09"]
[Round "5"]
[White "Zdebskaja, Natalia"]
[Black "Bejtovic, Jasmin"]
[Result "1/2-1/2"]
[WhiteElo "2357"]
[BlackElo "2404"]
[PlyCount "52"]
[EventDate "2010.09.03"]
[EventType "swiss"]
[EventRounds "9"]
[EventCountry "DEN"]
[Source "ChessBase"]
[SourceDate "2010.10.29"]

1. e4 c5 2. Nf3 Nc6 3. d4 cxd4 4. Nxd4 g6 5. Nc3 Bg7 6. Be3 Nf6 7. Bc4 Qa5 8.
O-O O-O 9. Nb3 Qc7 10. Bg5 a6 11. Be2 e6 12. Qd2 b5 13. a3 Rb8 14. Rfd1 b4 15.
axb4 Nxb4 16. Bf4 e5 17. Bg5 d6 18. Na5 Be6 19. b3 h6 20. Bxf6 Bxf6 21. Bc4 Kg7
22. Ra4 Bg4 23. Qxd6 Qxd6 24. Rxd6 Be7 25. Rd2 Bg5 26. Rd6 Be7 1/2-1/2

[Event "Xtracon GM"]
[Site "Borup"]
[Date "2010.09.10"]
[Round "6"]
[White "Akdag, Dara Sevkan"]
[Black "Nielsen, Morten"]
[Result "1-0"]
[WhiteElo "2171"]
[BlackElo "1935"]
[PlyCount "73"]
[EventDate "2010.09.03"]
[EventType "swiss"]
[EventRounds "9"]
[EventCountry "DEN"]
[Source "ChessBase"]
[SourceDate "2010.10.29"]

1. Nf3 Nf6 2. c4 g6 3. Nc3 Bg7 4. e4 d6 5. d4 O-O 6. Be2 e5 7. O-O exd4 8. Nxd4
Re8 9. f3 c6 10. Nc2 Na6 11. Be3 Be6 12. Qd2 Qd7 13. Rad1 Red8 14. Kh1 Ne8 15.
Rfe1 Nac7 16. Bg5 f6 17. Bh4 Qf7 18. b3 Rd7 19. Nd4 Qf8 20. Qe3 Bh6 21. f4 Qg7
22. Qf2 Bxf4 23. Qxf4 g5 24. Nxe6 Nxe6 25. Qf5 Qe7 26. Bg3 N8g7 27. Qh3 Rad8
28. Bg4 Qf7 29. Rf1 h5 30. Bxe6 Nxe6 31. Qf5 h4 32. Bf2 Ng7 33. Qg4 Qh5 34.
Qxh5 Nxh5 35. Bxa7 c5 36. Bb6 Rc8 37. Rf5 1-0

[Event "Xtracon GM"]
[Site "Borup"]
[Date "2010.09.10"]
[Round "6"]
[White "Andersen, Daniel"]
[Black "Brondum, Eric"]
[Result "1/2-1/2"]
[WhiteElo "1940"]
[BlackElo "2105"]
[PlyCount "82"]
[EventDate "2010.09.03"]
[EventType "swiss"]
[EventRounds "9"]
[EventCountry "DEN"]
[Source "ChessBase"]
[SourceDate "2010.10.29"]

1. c4 e5 2. Nc3 Nf6 3. Nf3 Nc6 4. g3 d5 5. cxd5 Nxd5 6. Bg2 Nb6 7. O-O Be7 8.
Rb1 g5 9. b4 g4 10. Ne1 h5 11. Nc2 h4 12. e3 Bf5 13. b5 Na5 14. e4 Be6 15. d4
Bc4 16. Re1 hxg3 17. hxg3 Qd6 18. d5 Qg6 19. Ne3 Qh5 20. Nxc4 Nbxc4 21. Qe2
O-O-O 22. Nd1 Rh7 23. Ne3 Nxe3 24. Qxe3 Rdh8 25. Kf1 b6 26. Qc3 Nb7 27. Be3 Bd6
28. a4 Qg6 29. Ke2 Rh2 30. Rh1 Qf6 31. Rxh2 Rxh2 32. Rg1 Nc5 33. Kf1 Qh8 34. a5
f6 35. axb6 axb6 36. Qa1 Kd7 37. Ke2 Qh7 38. Qb1 Qg6 39. Kf1 Rh8 40. Rh1 Ra8
41. Rh6 Qg7 1/2-1/2

[Event "Xtracon GM"]
[Site "Borup"]
[Date "2010.09.10"]
[Round "6"]
[White "Andersen, Mads"]
[Black "Wilton, Lars"]
[Result "1-0"]
[WhiteElo "2385"]
[BlackElo "2136"]
[PlyCount "101"]
[EventDate "2010.09.03"]
[EventType "swiss"]
[EventRounds "9"]
[EventCountry "DEN"]
[Source "ChessBase"]
[SourceDate "2010.10.29"]

1. e4 d5 2. exd5 Nf6 3. Nf3 Nxd5 4. d4 g6 5. c4 Nb6 6. Nc3 Bg7 7. c5 Nd5 8. Bc4
c6 9. O-O O-O 10. Re1 h6 11. Ne5 e6 12. Ne4 Nd7 13. Ng4 g5 14. Nd6 b6 15. Ne5
bxc5 16. Nxc6 Qc7 17. Nxc8 Raxc8 18. Bxd5 exd5 19. Ne7+ Kh8 20. Nxc8 Qxc8 21.
Be3 c4 22. h4 gxh4 23. Qh5 Nf6 24. Qxh4 Ng4 25. Qh5 f5 26. Bf4 Qd7 27. Rad1 Kh7
28. f3 Nf6 29. Qh3 Ng8 30. Be5 Ne7 31. Bxg7 Kxg7 32. Rd2 Ng6 33. Rde2 Rf7 34.
Re6 Qd8 35. Qg3 Qg5 36. Qxg5 hxg5 37. Rd6 Nf4 38. g3 Nd3 39. Re2 f4 40. Rxd5
fxg3 41. Rxg5+ Kf6 42. Rxg3 Rb7 43. Rg4 Nxb2 44. Rf4+ Kg5 45. Rf8 Kg6 46. Rg2+
Kh7 47. Rf4 Rg7 48. Rh4+ Kg8 49. Rhg4 Rxg4 50. fxg4 c3 51. Rc2 1-0

[Event "Xtracon GM"]
[Site "Borup"]
[Date "2010.09.10"]
[Round "6"]
[White "Andersen, Morten"]
[Black "Miezis, Normunds"]
[Result "0-1"]
[WhiteElo "2179"]
[BlackElo "2519"]
[PlyCount "60"]
[EventDate "2010.09.03"]
[EventType "swiss"]
[EventRounds "9"]
[EventCountry "DEN"]
[Source "ChessBase"]
[SourceDate "2010.10.29"]

1. f4 c5 2. Nf3 Nc6 3. e4 g6 4. Be2 Bg7 5. d3 d6 6. c3 e5 7. Be3 exf4 8. Bxf4
Nge7 9. Qd2 h6 10. Na3 g5 11. Bg3 f5 12. Bf2 O-O 13. O-O-O Be6 14. Kb1 fxe4 15.
dxe4 g4 16. Qxd6 Qxd6 17. Rxd6 gxf3 18. gxf3 Bg4 19. Bxc5 Bxf3 20. Bxf3 Rxf3
21. Rd7 b6 22. Rxe7 bxc5 23. Rc7 Ne5 24. Rg1 Rf7 25. Rxc5 Raf8 26. Kc2 Rf2+ 27.
Kd1 Nd3 28. Rc7 Nxb2+ 29. Kc1 Nd3+ 30. Kd1 R8f7 0-1

[Event "Xtracon GM"]
[Site "Borup"]
[Date "2010.09.10"]
[Round "6"]
[White "Bejtovic, Jasmin"]
[Black "Skytte, Rasmus"]
[Result "1/2-1/2"]
[WhiteElo "2404"]
[BlackElo "2400"]
[PlyCount "79"]
[EventDate "2010.09.03"]
[EventType "swiss"]
[EventRounds "9"]
[EventCountry "DEN"]
[Source "ChessBase"]
[SourceDate "2010.10.29"]

1. e4 e5 2. Nf3 Nc6 3. d4 exd4 4. Nxd4 g6 5. Nc3 Bg7 6. Nxc6 bxc6 7. Bc4 d6 8.
O-O Nf6 9. e5 Ng4 10. e6 f5 11. h3 Nf6 12. Qf3 Bb7 13. Re1 d5 14. e7 Qc8 15.
Bb3 Kf7 16. Na4 Re8 17. Nc5 Kg8 18. Bg5 Nd7 19. Ne6 Ne5 20. Rxe5 Bxe5 21. Nc5
h6 22. Bh4 g5 23. Nxb7 Qxb7 24. Qxf5 Rxe7 25. Re1 Rae8 26. Rxe5 Rxe5 27. Qg6+
Kf8 28. Qf6+ Kg8 29. Qg6+ Kf8 30. Qxh6+ Kf7 31. Qh7+ Ke6 32. Bg3 Re7 33. Qg8+
Kd7 34. Bxe5 Rxe5 35. Qg7+ Re7 36. Qxg5 Qb4 37. Qf5+ Kd8 38. Qf8+ Kd7 39. Qf5+
Kd8 40. Qf8+ 1/2-1/2

[Event "Xtracon GM"]
[Site "Borup"]
[Date "2010.09.10"]
[Round "6"]
[White "Christensen, Casper"]
[Black "Jensen, Soren Holm"]
[Result "1-0"]
[WhiteElo "1897"]
[BlackElo "2024"]
[PlyCount "119"]
[EventDate "2010.09.03"]
[EventType "swiss"]
[EventRounds "9"]
[EventCountry "DEN"]
[Source "ChessBase"]
[SourceDate "2010.10.29"]

1. e4 e5 2. Bc4 Nf6 3. d3 Nc6 4. Nc3 Na5 5. Bb3 Nxb3 6. cxb3 Bc5 7. Nge2 d6 8.
O-O O-O 9. Na4 Bb6 10. Nxb6 axb6 11. Qc2 h6 12. d4 c6 13. Rd1 Qe7 14. Ng3 c5
15. d5 Bd7 16. f3 Ne8 17. Be3 f6 18. a4 Qf7 19. b4 f5 20. Ne2 Rc8 21. b5 Ra8
22. b4 f4 23. Bf2 Nf6 24. Nc1 Bxb5 25. Ra2 Bd7 26. b5 g5 27. Nb3 g4 28. Nd2 Qg6
29. Kf1 g3 30. Bg1 gxh2 31. Bxh2 Ng4 32. Bg1 Ne3+ 33. Bxe3 fxe3 34. Nc4 Rf4 35.
Nxe3 Raf8 36. Ke2 Qh5 37. Raa1 Rh4 38. Kd3 Rh2 39. Qf2 Kh8 40. Qg1 Rg8 41. Rd2
Qh4 42. Qf1 Qf4 43. Nc4 Rg6 44. Raa2 Qh4 45. Nxb6 Be8 46. Nc4 Kg7 47. Ne3 Bd7
48. Qb1 Rh1 49. Qb2 Qd8 50. a5 Qe8 51. Kc4 Re1 52. Ra3 Kf7 53. a6 bxa6 54. bxa6
Qa8 55. Qb6 Rg8 56. a7 Ke7 57. Rb2 Rc1+ 58. Kd3 Rc8 59. Kd2 Rg1 60. Qb7 1-0

[Event "Xtracon GM"]
[Site "Borup"]
[Date "2010.09.10"]
[Round "6"]
[White "Christensen, Verner"]
[Black "Jensen, Stein"]
[Result "1-0"]
[WhiteElo "1968"]
[BlackElo "2063"]
[PlyCount "37"]
[EventDate "2010.09.03"]
[EventType "swiss"]
[EventRounds "9"]
[EventCountry "DEN"]
[Source "ChessBase"]
[SourceDate "2010.10.29"]

1. e4 e5 2. Bc4 Nc6 3. Nc3 Nf6 4. d3 Bc5 5. f4 d6 6. f5 Na5 7. Bg5 c6 8. Bb3
Bxg1 9. Rxg1 Qb6 10. Rf1 Bd7 11. Qe2 Nxb3 12. axb3 O-O-O 13. Be3 c5 14. b4 a6
15. bxc5 Qxb2 16. Kd2 Bb5 17. Rfb1 Bxd3 18. Qxd3 Qxc3+ 19. Kxc3 1-0

[Event "Xtracon GM"]
[Site "Borup"]
[Date "2010.09.10"]
[Round "6"]
[White "Danielsen, Henrik"]
[Black "Sylvan, Jacob"]
[Result "1/2-1/2"]
[WhiteElo "2529"]
[BlackElo "2238"]
[PlyCount "100"]
[EventDate "2010.09.03"]
[EventType "swiss"]
[EventRounds "9"]
[EventCountry "DEN"]
[Source "ChessBase"]
[SourceDate "2010.10.29"]

1. c4 g6 2. g3 Bg7 3. Bg2 Nf6 4. Nc3 O-O 5. Nf3 d6 6. O-O e5 7. d4 Nbd7 8. h3
Re8 9. e4 exd4 10. Nxd4 a6 11. Re1 Rb8 12. Bf4 Ne5 13. Bf1 Bd7 14. Nf3 b5 15.
cxb5 axb5 16. Nxe5 dxe5 17. Bg5 Qc8 18. Qf3 Rb6 19. Kh2 b4 20. Nb1 h6 21. Be3
Rb8 22. Nd2 Be6 23. Nb3 Nd7 24. Rec1 Ra8 25. Bc4 Bf8 26. Nd2 Qb7 27. Qe2 Nf6
28. Bb5 Bd7 29. Bxd7 Nxd7 30. Qc4 c5 31. Nb3 Re6 32. Rd1 Nb6 33. Qb5 Qxe4 34.
Nxc5 Bxc5 35. Bxc5 Na4 36. Rd2 Nxc5 37. Qxc5 Rc6 38. Qe7 Kg7 39. Rad1 Re6 40.
Qc5 Rc6 41. Qb5 Rxa2 42. Qb8 Rf6 43. Kg1 Ra8 44. Qb5 Rc8 45. Re2 Qc4 46. Qxe5
Rc5 47. Qe7 Rc7 48. Qe8 Rc8 49. Qe5 Rc5 50. Qe7 Rc7 1/2-1/2

[Event "Xtracon GM"]
[Site "Borup"]
[Date "2010.09.10"]
[Round "6"]
[White "Doluhanova, Evgeniya"]
[Black "Hvenekilde, Jorgen"]
[Result "1/2-1/2"]
[WhiteElo "2259"]
[BlackElo "2107"]
[PlyCount "89"]
[EventDate "2010.09.03"]
[EventType "swiss"]
[EventRounds "9"]
[EventCountry "DEN"]
[Source "ChessBase"]
[SourceDate "2010.10.29"]

1. Nf3 g6 2. g3 Bg7 3. Bg2 e5 4. d3 d6 5. O-O h6 6. c4 Ne7 7. Nbd2 O-O 8. Rb1
Nd7 9. b4 f5 10. Bb2 g5 11. e3 Ng6 12. Ne1 Nf6 13. d4 e4 14. f3 exf3 15. Ndxf3
Qe7 16. Nc2 Bd7 17. d5 Rae8 18. Nfd4 Ne4 19. Qe2 g4 20. Nb3 Bxb2 21. Rxb2 h5
22. Ncd4 h4 23. Qe1 hxg3 24. hxg3 Qe5 25. Bxe4 Qxe4 26. Rbf2 Qxe3 27. Qxe3 Rxe3
28. Nxf5 Rxf5 29. Rxf5 Bxf5 30. Rxf5 Ne5 31. Nd4 Rxg3+ 32. Kh2 Ra3 33. Nb5
Rxa2+ 34. Kg3 Rb2 35. Nxc7 Nxc4 36. Rg5+ Kf7 37. Rxg4 Rxb4 38. Re4 a5 39. Ne8
Kf8 40. Kf4 Nb6 41. Rxb4 Nxd5+ 42. Ke4 Nxb4 43. Nxd6 a4 44. Nxb7 a3 45. Na5
1/2-1/2

[Event "Xtracon GM"]
[Site "Borup"]
[Date "2010.09.10"]
[Round "6"]
[White "Eriksson, Christian Altenburg"]
[Black "Antonsen, Mikkel"]
[Result "0-1"]
[WhiteElo "2152"]
[BlackElo "2471"]
[PlyCount "104"]
[EventDate "2010.09.03"]
[EventType "swiss"]
[EventRounds "9"]
[EventCountry "DEN"]
[Source "ChessBase"]
[SourceDate "2010.10.29"]

1. c4 e6 2. g3 d5 3. Bg2 Nf6 4. Nf3 Be7 5. O-O O-O 6. b3 b6 7. Bb2 Bb7 8. e3
Nbd7 9. d4 c5 10. cxd5 exd5 11. Nc3 Re8 12. Rc1 Qc7 13. Qc2 Rad8 14. Rfd1 Qb8
15. Qb1 Bf8 16. Qa1 c4 17. Qb1 a6 18. Ng5 h6 19. Nh3 b5 20. bxc4 dxc4 21. a3
Bxg2 22. Kxg2 a5 23. Ne2 Nb6 24. Qf5 Na4 25. Rb1 Nxb2 26. Rxb2 Rd5 27. Qf3 Bxa3
28. Rc2 Bb4 29. Nhf4 Rd6 30. h4 Ne4 31. g4 Rf6 32. g5 Nxg5 33. hxg5 hxg5 34.
Rh1 gxf4 35. Nxf4 Bd6 36. Qh3 Rh6 37. Nh5 Qd8 38. f4 Bf8 39. Kf1 g6 40. Rg2 Kh7
41. Qg3 f5 42. Qf3 Qe7 43. Rg5 gxh5 44. Rxf5 Bg7 45. Rh3 c3 46. Rc5 Qxc5 47.
dxc5 c2 48. Rxh5 c1=Q+ 49. Kg2 Qc2+ 50. Kf1 Qd3+ 51. Kf2 Qd2+ 52. Kf1 Qxe3 0-1

[Event "Xtracon GM"]
[Site "Borup"]
[Date "2010.09.10"]
[Round "6"]
[White "Holtzmann, Sonny Reimer"]
[Black "Larsen, Jesper Riis"]
[Result "0-1"]
[WhiteElo "1738"]
[BlackElo "2004"]
[PlyCount "92"]
[EventDate "2010.09.03"]
[EventType "swiss"]
[EventRounds "9"]
[EventCountry "DEN"]
[Source "ChessBase"]
[SourceDate "2010.10.29"]

1. b4 e5 2. Bb2 Nf6 3. Bxe5 Bxb4 4. c4 Nc6 5. Bb2 O-O 6. e3 d6 7. Nf3 Bg4 8.
Be2 Re8 9. O-O Ne5 10. d4 Nxf3+ 11. Bxf3 Bxf3 12. Qxf3 Ne4 13. Qf5 Qg5 14. Qxg5
Nxg5 15. Bc3 a5 16. a3 Bxc3 17. Nxc3 Ne4 18. Nd5 Rac8 19. Ra2 Kf8 20. f3 Ng5
21. Rb2 b6 22. Kf2 Ne6 23. h4 Rb8 24. Rd1 Rb7 25. g3 Reb8 26. Rdb1 Nd8 27. c5
dxc5 28. dxc5 b5 29. Nc3 b4 30. axb4 Rxb4 31. Rxb4 Rxb4 32. Rxb4 axb4 33. Na4
Nb7 34. Ke2 Ke7 35. Kd3 Na5 36. Kd4 Kd7 37. Kd5 c6+ 38. Kd4 f6 39. e4 Ke6 40.
f4 g6 41. g4 Nb3+ 42. Ke3 f5 43. gxf5+ gxf5 44. e5 h5 45. Kd3 Kd5 46. Kc2 Nd4+
0-1

[Event "Xtracon GM"]
[Site "Borup"]
[Date "2010.09.10"]
[Round "6"]
[White "Jorgensen, Morten"]
[Black "Kokholm, Daniel"]
[Result "0-1"]
[WhiteElo "1785"]
[BlackElo "1951"]
[PlyCount "82"]
[EventDate "2010.09.03"]
[EventType "swiss"]
[EventRounds "9"]
[EventCountry "DEN"]
[Source "ChessBase"]
[SourceDate "2010.10.29"]

1. Nf3 Nc6 2. d4 d5 3. Bg5 Bg4 4. e3 f6 5. h3 Bxf3 6. Qxf3 fxg5 7. Qh5+ g6 8.
Qxg5 e5 9. Qg4 Qd7 10. Qxd7+ Kxd7 11. dxe5 Nxe5 12. Nd2 c6 13. Rd1 Kc7 14. Be2
Nf6 15. O-O Bc5 16. Nf3 Nxf3+ 17. Bxf3 g5 18. g4 h5 19. Kg2 hxg4 20. hxg4 Rh4
21. Rh1 Rah8 22. Rxh4 Rxh4 23. Rh1 Rxh1 24. Kxh1 Ne4 25. Bxe4 dxe4 26. Kg1 b5
27. Kf1 Kd6 28. Ke2 Kd5 29. b3 Bb4 30. Kd1 a5 31. Ke2 a4 32. Kd1 Kc5 33. Ke2
Bc3 34. f3 exf3+ 35. Kxf3 Kb4 36. Ke4 Bf6 37. Kf5 Bd8 38. Ke4 axb3 39. cxb3 Ka3
40. Kd3 Kxa2 41. Kc2 Ka3 0-1